1250 1620 1284 1005 1187 1719 1409 1311 1965 1126 1796 1462 1618 1588 1442 1110 1427 1410 1960 1474 1130 1759 1808 1051 1585 1524 1142 1166 1873 1501 1866 1006 1341 1003 1832 1448 1671 1501 1276 1251 1730 1242 1761 1633 1163 1948 1745 1322 1370 1387 1804 1164 1040 1954 1217 1177 1979 1820 1828 1371 1586 1019 1272 1417 1668 1846 1638 1947 1675 1996 1103 1839 1592 1821 1110 1410 1511 1027 1772 1427 1248 1912 1282 1565 1758 1849 1733 1944 1346 1744 1957 1153 1583 1251 1626 1794 1951 1760 1563 BCNSPRNW ULIB Ver.6.0+V

เปลี่ยนเป็นภาษาไทย

Change to English
 แสดงรายละเอียดบรรณานุกรม
  กลับหน้าหลัก

Brief Record : Get Marc (ISO 2709) : E-mail record : QR code < ปิดหน้าต่าง
LEADER : 00000nam 2200000uu 4500
001    13399111949
003     ULIB
008    110712s2544||||th 000 0 tha d
020    9748212777
050  4 DS589.S94^bศ638ส 2544
100 0  ศิริศักดิ์ คุ้มรักษา
245 10 สุโขทัย/^cศิริศักดิ์ คุ้มรักษา
260    กรุงเทพฯ :^bสารคดี,^c[2544]
300    153 หน้า :^bภาพประกอบ, แผนที่ :^c21 ซม.
490 0  "นายรอบรู้" นักเดินทาง
651  7 ไทย (ภาคเหนือ)^xความเป็นอยู่และประเพณี
651  7 ไทย (ภาคเหนือ)^xภูมิประเทศและการท่องเที่ยว
651  7 สุโขทัย^xความเป็นอยู่และประเพณี
651  7 สุโขทัย^xภูมิประเทศและการท่องเที่ยว
651  7 สุโขทัย^xโบราณสถาน
945    ^p95^l0^i015897
995    ทศพร
999 ^a ใช้งานได้ทุกระบบ
รายการนี้ยังไม่มีแท็ก
คุณยังไม่ได้ล็อกอิน คุณสามารถมีกิจกรรมร่วมกับเว็บไซต์ได้ แต่ต้องล็อกอินก่อน ::
  ล็อกอิน

รายการสื่อสารสนเทศ

ลำดับที่ ประเภท เลขเรียก/บาร์โค้ด สถานที่ สถานะ
- ไม่พบข้อมูล -

BibComment


ยังไม่เคยถูกคอมเมนท์

คอมเมนท์ทรัพยากรรายการนี้
  คอมเมนท์: สุโขทัย ศิริศักดิ..


 Copyright 2026. Bcnsprnw @Library